000 01387nam0a22002771 4500
001 rc\3411976
005 20260406200948.0
021 _aRU
_b[70-64929]
035 _a(NLR Aleph) 007578263
090 _a5480050
_c5480050
100 _a20130115d1970 |||y0rusy50 ca
101 0 _arus
102 _aRU
105 _aa z |||||
200 1 _aРадиационная физика неметаллических кристаллов
_e[Сборник статей
_fРед. коллегия: акад. Н.Н. Сирота (отв. ред.) и др.]
_gНауч. совет по комплексной проблеме "Физика твердого тела" АН СССР. Ин-т физики твердого тела и полупроводников АН БССР
210 _aМинск
_cНаука и техника
_d1970
215 _a256 с.
_cил.
_d22
320 _aБиблиогр. в конце статей
606 _aКристаллы
_xДействие ионизирующих излучений
_jСборники
_2psbo
702 1 _aСирота
_bН.Н.
_gНиколай Николаевич
_4340
712 0 2 _aИнститут физики твердого тела и полупроводников
_cМинск
_3RU\NLR\AUTH\889960543
_9417366
801 0 _aRU
_bNLR
_gpsbo
801 1 _aRU
_bELAR
_2rusmarc
852 _aNLR
_j70-5/3417
942 _cBOOK
980 _aNB